000
00356nam a2200145 a 4500
001
29519
005
20180713232600.0
008
140415s1980 mx 000 0 spa d
041
_a
spa
082
_a
371.207
_b
KEM
245
0
0
_a
PLANEAMIENTO DIDACTICO
250
_a
1RA
260
_a
MEXICO :
_b
DIANA,
_c
1980
300
_a
175
_c
15 x 1 x 22
999
_c
29519
_d
29519